Charaktere in Supernatural - Statistiken

Allgemein
  • Dieses Quiz wurde 149 mal gespielt
  • Das Durchschnittsergebnis liegt bei 9 aus 15
Antwortstatistiken
Hint Antwort % Korrekt
Pudding!!! Dean Winchester
98%
Salat Sam Winchester
95%
Geflügelter Bruder Castiel
84%
Vater John Winchester
84%
Im Käfig Lucifer
83%
Mutter Mary Winchester
82%
König der Hölle Crowley
77%
Trickster Gabriel
71%
Prophet oder doch mehr? Chuck
60%
Mann für Alles Bobby Singer
55%
Verschollener Bruder Adam
52%
Böser Großvater Samuel Winchester
37%
Falsches Spiel Ruby
26%
Nerd Charlie Bradbury
17%
Böses Genie Dick Roman
4%
Keine übereinstimmenden Quizze gefunden
Verteilung der Resultate
Anzahl Personen mit jedem Resultat
Perzentil nach korrekt beantworteten Fragen
Ihre Resultats-Entwicklung
Sie haben dieses Quiz noch nicht gespielt